000
00312nam a2200133Ia 4500
008
150201s2003 xx 000 0 und d
082
_a
615
_b
P03A
100
_a
ANTHONY
245
_a
PHARMACOLOGY SECRETS
250
_a
3RD
260
_b
HANLEY ELSEVIER
_a
DELHI
_c
2003
650
_a
PHARMACOLOGY
942
_2
ddc
_c
BK
_0
1
999
_c
945
_d
945